000 00323 a2200145 4500
001 161566
020 _a
040 _cMagnum
100 _aSieeesp
240 1 0 _aColera - educando para a vida ii
_lpor
245 1 0 _aColera - educando para a vida ii
362 0 _a1899
697 _aCIENCIAS MEDICAS SAUDE
942 _cBK
999 _c161566
_d161566